000
00345nam a2200169Ia 4500
100
_a
Manjunath/T.C
650
_a
Environment
942
_c
BK
366
_f
25
654
_a
environment
245
_a
Environmental studies
260
_b
Pearson Education
_c
2007
082
_a
628
_b
MAN
300
_a
203
546
_a
ENGLISH
999
_c
31554
_d
31554